000 01147nam a22002657a 4500
999 _c65425
_d65425
005 20240530110824.0
008 190729s2018 ua a g 000 0 ara d
017 _a2017/13578
_bمصر. دار الكتب
020 _a9789776543218
040 _aEG-CaGPL
_cEG-CaGPL
082 0 4 _221
_a658.3124\
_bب ت
100 1 _aبهاروانى ، جيتيو
245 1 2 _aالتكيف العاطفى :
_bكيف تصبح بارعا فى التكيف والاداء المتكامل على مستوى العمل وفى الحياة الشخصية /
_cجيتيو بهاروانى ؛ تعريب طلعت اسعد عبدالحميد
250 _aط.1
260 _aالقاهرة :
_bروابط للنشر وتقنية المعلومات،
_c2018
300 _a256 ص. :
_bايض. ؛
_c24 سم.
650 0 7 _2qrmak
_aعلم النفس الادارى
650 0 7 _aالقيادة الادارية
650 0 7 _aالعلاقات الوظيفية
651 _2qrmak
653 0 _aالتكيف العاطفى
700 0 _aطلعت اسعد عبدالحميد
_eمترجم
942 _2ddc
_cBK